| Tag |
First Indicator |
Second Indicator |
Subfields |
| LEADER |
00000cam a2200000 a 4500 |
| 001 |
in00002010539 |
| 005 |
20151031143027.0 |
| 008 |
030415s2004 gw ac b 001 0 eng |
| 015 |
|
|
|a GBA3W7301
|2 bnb
|
| 016 |
7 |
|
|a 009727491
|2 Uk
|
| 020 |
|
|
|a 3527403493
|
| 035 |
|
|
|a (OCoLC)ocm56651471
|
| 040 |
|
|
|a UKM
|b eng
|c UKM
|d TXH
|d TXA
|d UtOrBLW
|
| 041 |
1 |
|
|a eng
|h ger
|
| 049 |
|
|
|a TXAM
|
| 082 |
0 |
4 |
|a 537.623
|2 22
|
| 090 |
|
|
|a QC611.92
|b .B8313 2004
|
| 100 |
1 |
|
|a Buckel, Werner.
|
| 240 |
1 |
0 |
|a Supraleitung.
|l English
|
| 245 |
1 |
0 |
|a Superconductivity :
|b fundamentals and applications.
|
| 250 |
|
|
|a 2nd rev. and enlarged ed. /
|b Werner Buckel, Reinhold Kleiner ; [translation of the 6th German edition by Rudolf Huebener].
|
| 264 |
|
1 |
|a Weinheim :
|b Wiley-VCH ;
|a [Chichester] :
|b [John Wiley],
|c [2004]
|
| 264 |
|
4 |
|c ©2004
|
| 300 |
|
|
|a xiv, 461 pages :
|b illustrations, portraits ;
|c 25 cm.
|
| 336 |
|
|
|a text
|b txt
|2 rdacontent
|
| 337 |
|
|
|a unmediated
|b n
|2 rdamedia
|
| 338 |
|
|
|a volume
|b nc
|2 rdacarrier
|
| 500 |
|
|
|a Previous edition: Weinheim; New York: VCH, 1991.
|
| 504 |
|
|
|a Includes bibliographical references and index.
|
| 546 |
|
|
|a Translated from the German.
|
| 650 |
|
0 |
|a Superconductivity.
|
| 700 |
1 |
|
|a Kleiner, Reinhold.
|
| 994 |
|
|
|a E0
|b TXA
|
| 948 |
|
|
|a cataloged
|b h
|c 2004/11/19
|d c
|e jlanham
|f 12:12:12 pm
|
| 999 |
|
|
|a MARS
|
| 999 |
f |
f |
|s c6c8c3be-fd7b-3e58-9c3d-32498270e80d
|i 4fe4247e-2a56-360d-a13a-1171fa0000b5
|t 0
|
| 952 |
f |
f |
|p normal
|a Texas A&M University
|b College Station
|c Sterling C. Evans Library
|d Evans: Library Stacks
|t 0
|e QC611.92 .B8313 2004
|h Library of Congress classification
|i unmediated -- volume
|m A14831707802
|
| 998 |
f |
f |
|a QC611.92 .B8313 2004
|t 0
|l Evans: Library Stacks
|